01289nab a2200385 i 4500001000700000003000800007005001700015006001900032007001500051008004100066022001400107035002100121040003100142050002200173080001000195082001500205245012200220264004700342300002500389310001500414336003100429337003300460338004300493362005600536500002300592504002900615650002200644650002100666650002500687650002100712655003200733700003200765773004400797856006200841100869FlNmELB20241217173103.0m o d | cr cnu||||||||131205c20119999ve qr p o 0 b0spa d a1315-9518 a(OCoLC)934390228 aFINmELBbspaerdacFINmELB 4aHD7261bC153 2011 a658.30 a658.3822300aCalidad de vida laboral y su influencia sobre los resultados empresariales /cPatricia C. Huerta Riveros [y otros 3]. 1aMaracaibo :bUniversidad del Zulia,c2011. a1 recurso en línea aTrimestral atextobtxt2rdacontent/spa acomputadorabc2rdamedia/spa arecurso en líneabcr2rdacarrier/spa0 aVolumen 17, Número 4 (octubre-diciembre) (2011) - aContiene índice. aContiene bibliografía. 0aWork environment. 0aQuality of life. 4aAmbiente de trabajo. 4aCalidad de vida. 4aArtículos electrónicos.1 aHuerta Riveros, Patricia C.0 tRevista de Ciencias Socialesx1315-951840uhttps://elibro.net/ereader/politecnicointernacional/17431